Challenging images : housing estates, stigma and regeneration (Record no. 102084)

MARC details
000 -LEADER
fixed length control field 01140cam a2200289 4500
008 - FIXED-LENGTH DATA ELEMENTS--GENERAL INFORMATION
fixed length control field 020517n2000 000 0 eng u
020 ## - INTERNATIONAL STANDARD BOOK NUMBER
International Standard Book Number 1861342896
035 ## - SYSTEM CONTROL NUMBER
System control number (Sirsi) u118010
041 ## - LANGUAGE CODE
Language code of text/sound track or separate title eng.
050 ## - LIBRARY OF CONGRESS CALL NUMBER
Classification number 711.52
100 ## - MAIN ENTRY--PERSONAL NAME
Personal name Dean, J.
245 ## - TITLE STATEMENT
Title Challenging images : housing estates, stigma and regeneration
260 ## - PUBLICATION, DISTRIBUTION, ETC.
Place of publication, distribution, etc. BristolbPolicy Press
Date of publication, distribution, etc. 2000
300 ## - PHYSICAL DESCRIPTION
Extent viii,55p.
Dimensions 30cm.
350 ## - PRICE (NR) (BK AM CF MU VM SE) [OBSOLETE]
Price 12.95
490 ## - SERIES STATEMENT
Series statement Area Regeneration
520 ## - SUMMARY, ETC.
Summary, etc. Considers whether area and community regeneration is enough to challenge the negative perceptions of a stigmatised housing estate. Examines three housing estates which have long-established problem reputations, but which have experienced substantial regeneration. Looks for solutions to estates' image problems as a means of ensuring that improvements made by regeneration processes are concrete and long-lasting.
650 ## - SUBJECT ADDED ENTRY--TOPICAL TERM
Topical term or geographic name entry element HOUSING ESTATES
650 ## - SUBJECT ADDED ENTRY--TOPICAL TERM
Topical term or geographic name entry element SUSTAINABLE COMMUNITIES
650 ## - SUBJECT ADDED ENTRY--TOPICAL TERM
Topical term or geographic name entry element STIGMA
650 ## - SUBJECT ADDED ENTRY--TOPICAL TERM
Topical term or geographic name entry element SOCIAL HOUSING
650 ## - SUBJECT ADDED ENTRY--TOPICAL TERM
Topical term or geographic name entry element NEIGHBOURHOOD RENEWAL
650 ## - SUBJECT ADDED ENTRY--TOPICAL TERM
Topical term or geographic name entry element IMAGE
690 ## - LOCAL SUBJECT ADDED ENTRY--TOPICAL TERM (OCLC, RLIN)
Topical term or geographic name as entry element REGENERATION
700 ## - ADDED ENTRY--PERSONAL NAME
Personal name Hastings, A.
942 ## - ADDED ENTRY ELEMENTS (KOHA)
Suppress in OPAC 0
Holdings
Withdrawn status Lost status Source of classification or shelving scheme Damaged status Not for loan Home library Current library Shelving location Date acquired Cost, normal purchase price Total Checkouts Full call number Barcode Date last seen Date last checked out Copy number Cost, replacement price Price effective from Koha item type
    Dewey Decimal Classification     London London Folio 29/05/2002 12.95 5 F711.52 DEA 30065959 06/08/2019 14/08/2007 1 12.95 06/08/2019 Book